Charakteristiky komunikačných nástrojov v krízových situáciách

Gespeichert in:
Bibliographische Detailangaben
1. Verfasser: Szarková, Miroslava, 1951-
Format: Buchkapitel
Sprache:Slowakisch
Tags: Tag hinzufügen
Keine Tags, Fügen Sie das erste Tag hinzu!

MARC

LEADER 00000naa$a2200000$$$4500
001 0063120
005 20240502071724.7
041 0 |a slo 
044 |a SK 
245 1 0 |a Charakteristiky komunikačných nástrojov v krízových situáciách  |c Miroslava Szarková 
100 1 |a Szarková, Miroslava, 1951-